000
00237nam a22001097a 4500
041
_a
ENG
100
_a
Prakash.M
245
_a
Complimentary Copy
260
_a
Delhi
_b
ICAR
_c
1998
650
_a
Competitive (47)
856
_u
Competitive (47)
999
_c
3071
_d
3071